|
|
|
|
| LEADER |
00000nam a22000007a 4500 |
| 005 |
20171211154443.0 |
| 007 |
cr|||| |||| |
| 008 |
171211s2009 mx |||||s|||| 00||0 spa d |
| 020 |
|
|
|a 978-607-401-136-4
|
| 035 |
|
|
|a 20828
|
| 040 |
|
|
|a vLex
|
| 090 |
|
|
|c 7277
|d 7277
|
| 100 |
1 |
|
|a Eibenschutz Hartman, Roberto
|
| 245 |
1 |
0 |
|a Estudio de la integracin̤ urbana y social en la expansin̤ reciente de las ciudades en Mx̌ico, 1996-2006
|h [Recurso electrn̤ico]:
|b Dimensin̤ caracters̕ticas y soluciones /
|c Roberto Eibenschutz Hartman; Carlos Goya Escobedo
|
| 256 |
|
|
|a Servicio en ln̕ea
|
| 260 |
|
|
|a Ciudad de Mx̌ico:
|b Cm̀ara de Diputados,
|c 2009
|
| 300 |
|
|
|a 1 recurso electrn̤ico
|
| 506 |
1 |
|
|a Disponible solo en los productos indicados
|d vLex Global
|d vLex Global (Academic Edition, excluding Law Schools)
|d vLex Global (U.S. Academic Edition, Law Schools)
|d vLex Global (U.S. Academic Edition, excluding Law Schools)
|d vLex Global (Academic Edition, Law Schools)
|
| 650 |
0 |
4 |
|a Urbanismo
|z Mx̌ico
|
| 700 |
1 |
|
|a Goya Escobedo, Carlos
|
| 740 |
0 |
|
|a vLex Libros (Servicio en ln̕ea)
|
| 856 |
4 |
0 |
|u http://vlex.com/source/estudio-integracion-urbana-social-expansion-mexico-20828
|z Acceso restringido
|
| 942 |
|
|
|c BOOK
|
| 999 |
0 |
|
|a City planning
|